000 00323nam a2200145 i 4500
001 bg
100 1 _aDAVIDOVICI, Victor
245 0 _aBeton arme /
_cVictor Davidovici.
260 _aParis,
_c1974.
040 _cBPK
041 _apol
080 _a666.97/.98
942 _cKS
008 s pl f |000 0 pol
999 _c20443
_d20443
856 _uhttp://koha.tu.koszalin.pl/cgi-bin/koha/opac-detail.pl?biblionumber=20443
_yKatalog online BPK